Príčiny strát v chove nutrií

Bibliographic Details
Main Authors: Süvegová, Karin (Author), Mertin, Dušan (Author)
Format: Article
Language:Slovak
PhysicalDescription:Grafy, tab.
ISSN:1335-1990
Subjects:

MARC

LEADER 00000nab a2200000 a 4500
001 vtls000733591
003 SK-MaSNL
005 20260304114152.0
008 250429c2000 xo 0 slo
015 |a SNBRB2000/10-24968 
035 |a CLN000085698 
035 |a (urnnbn)urn:nbn:sk:snk:ar-006ny7 
035 |a (uuid)04ab4372-dc57-4a00-a42a-e374618b7ab9 
035 |a urn:nbn:sk:snk-ab86ty 
040 |a SNKBUCL  |b slo  |c SNKBUCL  |e AACR2 
041 0 |a slo 
044 |a xo  |c SK 
080 |a 636.932.3.09  |2 1997 
100 1 |a Süvegová, Karin  |4 aut  |9 10844 
245 1 0 |a Príčiny strát v chove nutrií  |c Karin Süvegová, Dušan Mertin 
300 |b Grafy, tab. 
650 0 7 |a chov nutrií  |2 SNKPH  |9 210279 
650 0 7 |a nutrie  |2 SNKPH  |9 70871 
655 7 |a články z novín a časopisov  |2 snkbucl  |9 267496 
700 1 |a Mertin, Dušan  |4 aut  |9 10798 
773 0 |t Slovenský chov  |g Roč. 5, č. 6 (2000), s. 19-20  |x 1335-1990 
850 |a Slovenská národná knižnica 
852 |a Slovenská národná knižnica 
954 |a odborná, vedecká literatúra pôvodná (slovenská)  |2 lita 
958 |a article9 
958 |a OND 
958 |a EUIPO 
999 |c 2872011  |d 2873941